Cars Owned by Clarkson, Hammond and May - Statistics

General Stats
  • This quiz has been taken 51 times
    23 since last reset
  • The average score is 39 of 105
Answer Stats
Make Type Answer % Correct
Porsche Sports Car 911 GT3
74%
Porsche Sports Car 911 GT3 RS
74%
Porsche Sports Car 911 SC
74%
Porsche Sports Car 911T
74%
Porsche Sports Car 930 Turbo
74%
Porsche Sports Car 992 Turbo S
74%
Porsche Sports Car 997 Carrera S
74%
Mercedes-Benz Grand Tourer CL 600
68%
Bentley Grand Tourer Continental GT V8
68%
Lincoln Luxury Car Continental Mark V
68%
Ford Sports Car GT
68%
Rolls-Royce Luxury Car Phantom
68%
Jaguar Sports Car E-Type Roadster Mk1
63%
Ford Compact Focus
63%
Jaguar Sports Car F-Type
63%
Jaguar Sports Car F-Type S
63%
Tesla Full-Size Model S 100D
63%
Ford Muscle Car Mustang
63%
Ford Muscle Car Mustang GT 390
63%
Ford Pickup Truck Ranger
63%
Ferrari Sports Car 458 Italia
58%
Ferrari Sports Car 458 Speciale
58%
Alpine Sports Car A110
58%
Mini Minicompact Cooper
58%
Land Rover Mid-Size SUV Discovery
58%
Lotus Sports Car Elise 111S
58%
Volkswagen Hot Hatch Golf GTI
58%
Land Rover Full-Size SUV Range Rover Autobiography V8
58%
Land Rover Full-Size SUV Range Rover Classic Vogue
58%
Land Rover Full-Size SUV Range Rover P530 Autobiography
58%
Land Rover Full-Size SUV Range Rover TDV8 Vogue SE
58%
Land Rover Full-Size SUV Range Rover Vogue SE
58%
Mercedes-Benz Grand Tourer SL55 AMG
58%
Dodge Muscle Car Challenger SRT-8
53%
Dodge Muscle Car Charger R/T
53%
Land Rover Medium Off-Road Defender 110
53%
Lamborghini Sports Car Gallardo LP560-4 Spyder
53%
Lamborghini Sports Car Gallardo Spyder
53%
Ford Van Transit
53%
Aston Martin Sports Car V8 Vantage
53%
Aston Martin Grand Tourer DBS Volante
47%
Tesla Mid-Size Model 3 Highland
47%
Jeep Compact SUV Wrangler
47%
Volvo Mid-Size SUV XC90
47%
Saab Full-Size 9-5 Aero
42%
Morgan Sports Car Aeromax
42%
Ferrari Sports Car F430
42%
Subaru Sport Compact Impreza WRX STI
42%
Jaguar Grand Tourer XJS
42%
RAM Pickup Truck 1500 TRX
37%
Fiat Minicompact 500C
37%
Porsche Grand Tourer 928
37%
Alfa Romeo Grand Tourer Alfretta GTV6
37%
Mercedes-Benz Grand Tourer CLK63 AMG Black
37%
Toyota Compact Corolla
37%
Lotus Sports Car Esprit 350 Sport
37%
Opel Compact Kadett
37%
Morgan Sports Car Plus Six
37%
Volkswagen Subcompact Polo
37%
Morgan Sports Car 3-Wheeler
32%
Ford Sport Compact Escort RS2000 MkII
32%
Ford Hot Hatch Escort RS Cosworth
32%
Bentley Luxury Car Flying Spur
32%
Toyota Full-Size SUV Land Cruiser
32%
Fiat Minicompact Panda
32%
Mercedes-Benz Sports Car SLK55 AMG
32%
Volkswagen Sport Compact Scirocco 1
26%
Volkswagen Sport Compact Scirocco 2
26%
Volkswagen Van Type 2
26%
Mercedes-Benz Limousine 600 Grosser
21%
Fiat Sports Car Barchetta
21%
Porsche Sports Car Boxster S
21%
BMW Subcompact i3
21%
Meyers Dune Buggy Manx
21%
MG Sports Car MGB GT
21%
MG Sports Car Midget
21%
Jaguar Luxury Car XJR
21%
BMW Roadster Z1
21%
Alfa Romeo Full-Size 164
16%
Rolls-Royce Luxury Car Corniche
16%
Toyota Full-Size Mirai
16%
Buick Luxury Car Riviera
16%
Triumph Sports Tourer Stag
16%
BMW Grand Tourer 3.0 CSL
11%
BMW Grand Tourer 850Ci
11%
Honda Sport Compact CR-X
11%
Bentley Luxury Car S2
11%
Chevrolet Pickup Truck SSR
11%
Datsun Subcompact 120Y
5%
Ferrari Sports Car 308 GTB
5%
Ferrari Grand Tourer 550 Maranello
5%
Ferrari Sports Car F355
5%
Land Rover Small Off-Road Series 1
5%
Jaguar Sports Car XK120
5%
Triumph Mid-Size 2000
0%
Lagonda Sports Tourer 2-Litre Supercharged
0%
Riley Sports Car Alpine Tourer
0%
Vauxhall Mid-Size Cavalier Mk1
0%
Ford Mid-Size Cortina
0%
Ford Small Off-Road GPW
0%
Ford Full-size Model A
0%
Rover Full-Size P6
0%
Bentley Luxury Car T2
0%
Triumph Compact Vitesse
0%
Jaguar Sports Car XK150
0%
No matching quizzes found
Score Distribution
Percent of People with Each Score
Percentile by Number Answered
Your Score History
You have not taken this quiz since the last reset